000 00375 a2200133 4500
001 ART_39603
005 20260410162000.0
008 260409a
245 1 0 _aComunicaciones celulares
100 1 _aReig Pascual, Juan
700 1 _aDmitruk, Andrés E.
700 1 _aFoti, Antonio Roberto
773 0 _tPropuestas
_g- Año 3, Nº 6 (dic. 1997)
_wREV28258
999 _c31223
_d31223